• 首页
  • 本馆介绍
  • 公告通知
  • 最新文献
  • 馆藏检索
  • 电子资源
  • 读者导购
  • 参考咨询
  • 我的图书馆
  • 登录
  • 详细信息显示
  • 放入我的书架
  • 预约/预借图书
  • 作者相关作品
  • 分类相关作品
  • 丛书相关作品
  • 出版社相关作品

书目信息

  • 表格格式
  • 工作单格式
  • 卡片格式
题名:
丁有宽读写结合教学教例与经验
    
 
作者: 丁有宽 著
分册:  
出版信息: 北京   人民日报出版社  1996
页数: 21,259页
开本: 20cm
丛书名: 全国小学语文教学名家丛书
单 册:
中图分类: G623.203
科图分类:
主题词: 语文-教学法--小学 , 教学法-语文--小学
电子资源:
ISBN: 7-80002-836-4
000 00730nam2 2200241 45
001 0197021722
005 20061111092418.14
010    @a7-80002-836-4@dCNY11.50
100    @a19970806d1996 emky0chiy0121 ea
101 0  @achi
102    @aCN@b110000
105    @ay z 000yy
200 10 @a丁有宽读写结合教学教例与经验@Ading you kuan du xie jie he jiao xue jiao li yu jing yan@f丁有宽著
210    @a北京@c人民日报出版社@d1996
215    @a21,259页@d20cm
225 2  @a全国小学语文教学名家丛书
410  0 @120010@a全国小学语文教学名家丛书
606    @a语文-教学法@x小学
606    @a教学法-语文@x小学
690    @aG623.203@v3
701  0 @a丁有宽@Ading you kuan@4著
801  0 @aCN@bTSSF@c20061111
905    @a10447@dG623.203@e118
    
    丁有宽读写结合教学教例与经验/丁有宽著.-北京:人民日报出版社,1996
    21,259页;20cm.-(全国小学语文教学名家丛书)
    
    
    ISBN 7-80002-836-4:CNY11.50
    
●
相关链接 在E读中查询图书 在五车中查询图书 在当当中查询图书 在豆瓣中查询图书


正题名:丁有宽读写结合教学教例与经验     索取号:G623.203/118         预约/预借

序号 登录号 条形码 馆藏地/架位号 状态 备注
1 0274628   000465874   第一样本阅览室/ [索取号:G623.203/118] 在馆    
唐山师范学院图书馆 欢迎您!
大连网信软件有限公司© 版权所有